000
00372nam a2200181Ia 4500
100
_a
Nagrath/I.J
650
_a
Analog
250
_a
2
942
_c
BK
366
_f
25
654
_a
analog
245
_a
Electronic analog and digital
260
_b
Prentice -Hall of India
_c
2013
082
_b
NAG
300
_a
789
546
_a
ENGLISH
_c
PAMPHALETS
999
_c
22064
_d
22064